000
00278nam a22001217a 4500
020
_a
291-39412-4
082
_a
621.388 COL'B
100
_a
COLE, H. A
_9
78614
245
_a
BASIC TELEVISON PART-3
260
_a
LONDON
_b
THE TECHNICAL PRESS
_c
1972
300
_a
141P
942
_c
BK
999
_c
583725
_d
583725